El sorteo (Registro nro. 152179)

Detalles MARC
000 -LEADER
campo de control de longitud fija 00949nam a2200205 i 4500
001 - NÚMERO DE CONTROL
campo de control 152179
003 - IDENTIFICADOR DE NÚMERO DE CONTROL
campo de control ES-MaACL
005 - FECHA Y HORA DE LA ÚLTIMA TRANSACCIÓN
campo de control 20250824074920.0
008 - DATOS DE LONGITUD FIJA--INFORMACIÓN GENERAL
campo de control de longitud fija 931025s1874 sp |||| | spa d
100 1# - ENTRADA PRINCIPAL--NOMBRE DE PERSONA
Nombre de persona Blanc, Luis,
Fechas asociadas al nombre 1834-1887
9 (RLIN) 126003
245 13 - MENCIÓN DEL TÍTULO
Título El sorteo
Resto del título : drama en tres actos, en prosa /
Mención de responsabilidad, etc. original de Luis Blanc.
260 ## - PUBLICACIÓN, DISTRIBUCIÓN, ETC.
Lugar de publicación, distribución, etc. Madrid :
Nombre del editor, distribuidor, etc. [Alonso Gullon],
Fecha de publicación, distribución, etc. 1874 (
Fabricante Imprenta de José Rodriguez)
300 ## - DESCRIPCIÓN FÍSICA
Extensión 59 p. ;
Dimensiones 18 cm.
490 1# - MENCIÓN DE SERIE
Mención de serie El Teatro: Colección de obras dramaticas y liricas
594 ## - Nota al título y mención de responsabilidad
Nota al título y mención de responsabilidad En port.: Consta que fue estrenado en el Teatro de Novedades, el 27 de Noviembre de 1874.
596 ## - NOTA AL PIE DE IMPRENTA
NOTA AL PIE DE IMPRENTA Editor tomado de cub.
830 03 - PUNTO DE ACCESO ADICIONAL DE SERIE-TÍTULO UNIFORME
Título uniforme El teatro: colección de obras dramática y líricas
9 (RLIN) 221753
852 ## - LOCALIZACIÓN
Ubicación ES-MaACL
Número de control de estantería F-8590(8)
Nota libre -- Enc. pasta española, falto de la cub. original
-- -- Enc. en un vol. facticio, formando parte de la col. facticia "Teatro español moderno", vol. 43
Existencias
Estatus retirado Estado de pérdida Estado de daño No para préstamo Colección Biblioteca de origen Biblioteca actual Ubicación en estantería Fecha de adquisición Total de préstamos Signatura topográfica completa Código de barras Visto por última vez Precio de reemplazo Tipo de ítem Koha
        Libros del s. XIX Biblioteca del Ateneo de Madrid Biblioteca del Ateneo de Madrid Sala Pecera Planta 2 17/01/2008   F-8590(8) 1158872 23/02/2023 23/02/2023 Libro impreso antiguo